000 00433nam a2200133Ia 4500
008 100328s9999 xx 000 0 und d
082 _b21300
100 _aचट्टोपायाय शरतेचंद्र
245 _aसुप्रभात
260 _bमहाराष्ट्र ग्रंथ भांडार
630 _aसुप्रभात
730 _aसुप्रभात
942 _cBOOK
999 _c515335
_d515332